000
00315nam a22001457a 4500
008
180814b xxu||||| |||| 00| 0 eng d
020
_a
0393950050
041
_a
eng
080
_2
2nd
_a
33
082
_a
33
100
_a
52
101
_a
EKO
245
_a
Challengers to Capitalism
_c
Gurley,J.G
942
_2
udc
_c
BK
999
_c
47127
_d
47127